000 00678nam a22002177a 4500
003 OSt
005 20241002151151.0
008 241001b |||||||| |||| 00| 0 eng d
020 _a9781529772098
040 _c0
082 _aDC 910 K520 2023
245 _aKey methods in geography /
_cedited by Nicholas Clifford, Meghan Cope & Thomas W. Gillespie.
250 _aFourth edition.
260 _aLos Angeles :
_bSage,
_c©2023.
300 _axxii, 756 pages :
_billustrations ;
_c24 cm.
500 _aIncludes references and index.
650 0 _aGeography
_97124
700 _aMegan, Cope
_962020
_4editor
700 _aGillespie, Thomas W.
_962022
_4editor
942 _2ddc
_cDC
999 _c22065
_d22065